01879nam a2200421 a 4500001001000000003000900010005001700019008003200036020001500068040002500083082003500108100004400143245011600187250001100303260005400314300002100368504003200389505031800421590002600739650005100765650003500816650002200851650003700873650004500910650003300955651003700988700004001025700003401065700003301099700002201132700002201154700002401176700004601200910004101246942001201287952014101299999001701440000022583DO-SdBNP20230706103811.0101013s1998 dr 000 0 spa d a8489539871 aDO-SdBNPbspacBPMSU 4a306.362097293bL333n, 19982221 aLarrazábal Blanco, Carlos,d1894-198914aLos negros y la esclavitud en Santo Domingo /cCarlos Larrazábal Blanco ; prólogo Franklin Franco Pichardo. a2a ed. aSanto Domingo :bLibrería la Trinitaria,c1998. a199 p. ;c25 cm. aBibliografía : p. 195-1990 aNotación preliminar-- La introducción de esclavos y sus incidencias -- Procedencia, castas, denominaciones, culturas-- Los negros a través de las ordenanzas locales y de las cédulas reales-- La Iglesia -- Alzamientos y rebeliones -- Los negros fugitivos de accidente -- Tres siglos de vinculación negra. aInventariado, 2023/VM 4aEsclavitud en República DominicanaxHistoria 4aEsclavitud e iglesiaxHistoria 4aTrata de esclavos 4aNegrosxVida social y costumbres 4aNegroszRepública DominicanaxHistoria 4aAbolición de la esclavitud 4aRepública DominicanaxHistoria1 aFranco, Franklin J.d1936-epról.z a Franco Pichardo, Franklin J.z aPichardo, Franklin J. Francoz a Franco, Franklinz a Franco, Franklynz aFranco, Franklyn J.z a Franco P., Franklin q (Franco Pichardo) aVMateo V. Control de calidad (BPMSU) 2ddccBK 00102ddc40708CDaBPMETbBPMETd2023-07-06eReyes DulucoBPMSU CD 306.362097293 L333n 1998pBPMSU23070014r2023-07-06w2023-07-06yBK c14405d14405